| 000 | 01671cam a22004097a 4500 | ||
|---|---|---|---|
| 003 | CHAP | ||
| 005 | 20220817043525.0 | ||
| 008 | 990331d1998 mx rs o00110 spa d | ||
| 010 | _a77412 | ||
| 011 | _a78384 | ||
| 020 | _a970-13-1924-9 | ||
| 020 | _a970-13-1942-7 | ||
| 020 | _a9701318412 | ||
| 035 | _a88292 | ||
| 040 | _cCHAP | ||
| 082 | 0 | 4 |
_a338.972 _bI59 1997 Coah. |
| 110 | 2 |
_aInstituto Nacional de Estadística, Geografía e Informática. México _959304 |
|
| 245 | 1 | 0 |
_aCuaderno estadístico municipal : _bCoahuila _c/por Instituto Nacional de Estadística, Geografía e Informática |
| 260 |
_aAguascalientes, Ags. : _bInstituto Nacional de Estadística, Geografía e Informática, _c1998. |
||
| 300 |
_av. : _bgráfs. |
||
| 500 | _aLa biblioteca tiene : v.1 Francisco I. Madero -- v.2 Matamoros -- v.3 Múzquiz | ||
| 590 |
_aBATCH-UPD _b10 _c20130110 _lUCH01 _h1638 |
||
| 590 |
_aBATCH-UPD _b10 _c20130410 _lUCH01 _h1029 |
||
| 590 |
_aBATCH-UPD _b10 _c20130914 _lUCH01 _h0952 |
||
| 590 |
_aCONVERSION _b10 _c20130109 _lUCH01 _h1343 |
||
| 650 | 1 | 4 |
_aAgricultura _xEstadisticas _xCoahuila. _91427 |
| 650 | 1 | 4 |
_aCoahuila _xCondiciones económicas. |
| 650 | 1 | 4 |
_aCoahuila _xCondiciones sociales. _923979 |
| 650 | 1 | 4 |
_aCoahuila _xEstadísticas. _923982 |
| 650 | 1 | 4 |
_aGanadería _xEstadísticas _xCoahuila. _944695 |
| 901 | _aBK | ||
| 905 | _aLilia Sánchez G. | ||
| 942 | _cLIBRO | ||
| 949 |
_a338.972 I59 1997 Coah. _bBC _cINEGI _d33724000719274 _eINEGI _fv.3 _h94931 _i88292 _sb |
||
| 949 |
_a338.972 I59 1997 Coah. _bBC _cINEGI _d33724000719282 _eINEGI _fv.2 _h94930 _i88292 _sb |
||
| 949 |
_a338.972 I59 1997 Coah. _bBC _cINEGI _d33724000719290 _eINEGI _fv.1 _h94929 _i88292 _sb |
||
| 999 |
_c77412 _d77412 |
||